[Event "Ogolnopolska Olimpiada Mlodziezy w Sportach Umyslowych - D14"]
[Site "Walbrzych, Zamek Ksiaz"]
[Date "2013-04-17"]
[Round "9.15"]
[White "Karykowska, Anna"]
[Black "Tkaczyk, Weronika"]
[Result "1/2-1/2"]
[WhiteTitle "I"]
[BlackTitle "II"]
[WhiteElo "1493"]
[BlackElo "1390"]

1. e4 d5 2. exd5 Qxd5 3. Nc3 Qa5 4. d4 Nf6 5. Nf3 c6 6. Ne5 Nbd7 7. Nc4 Qc7 8.
Be3 g6 9. Be2 Bg7 10. O-O O-O 11. Bf3 b5 12. Ne5 Bb7 13. Nxd7 Qxd7 14. a3 Rad8
15. Qe2 Rfe8 16. Rad1 Qc7 17. Rfe1 a6 18. Ne4 Nxe4 19. Bxe4 e5 20. dxe5 Bxe5 21.
Rxd8 Rxd8 22. c3 Bxh2+ 23. Kf1 Bf4 24. Bd4 Re8 25. Qf3 Be5 26. Bc2 Re7 27. Qe3
Bd6 28. Qd2 Rxe1+ 29. Qxe1 Qe7 30. Qd2 c5 31. Be3 Be5 32. Bg5 Bf6 33. Bxf6 Qxf6
34. f3 c4 35. Qd7 Qc6 36. Qd8+ Kg7 37. Qd4+ Qf6 38. Qd7 Qc6 39. Qd4+ f6 40. Qa7
f5 41. Qd4+ Qf6 42. Qa7 Qf7 43. Qd4+ Kg8 44. Qa7 h5 45. Qb8+ Kg7 46. Qe5+ Kh7
47. Qd6 Qd5 48. Qe7+ Kh6 49. Qf8+ Kg5 50. Qe7+ 1/2-1/2

[Event "Ogolnopolska Olimpiada Mlodziezy w Sportach Umyslowych - D14"]
[Site "Walbrzych, Zamek Ksiaz"]
[Date "2013-04-17"]
[Round "9.16"]
[White "Klisz, Karolina"]
[Black "Maciak, Gabriela"]
[Result "0-1"]
[WhiteTitle "II"]
[BlackTitle "II"]
[WhiteElo "1342"]
[BlackElo "1433"]

1. e4 c5 2. d4 cxd4 3. c3 dxc3 4. Nxc3 Nc6 5. Bc4 e6 6. Bf4 Bb4 7. Nge2 Nf6 8.
O-O a6 9. a3 Bc5 10. b4 Be7 11. b5 axb5 12. Nxb5 e5 13. Bg5 O-O 14. Ng3 h6 15.
Be3 d6 16. Qd2 Na5 17. Ba2 Be6 18. Bxe6 fxe6 19. Qd3 Qd7 20. Rac1 Rfc8 21. Rfd1
d5 22. exd5 exd5 23. a4 e4 24. Qd2 Nc4 25. Qa2 Qxb5 26. Qe2 Qxa4 0-1

[Event "Ogolnopolska Olimpiada Mlodziezy w Sportach Umyslowych - D14"]
[Site "Walbrzych, Zamek Ksiaz"]
[Date "2013-04-17"]
[Round "9.17"]
[White "Sobczak, Marta"]
[Black "Zalewska, Katarzyna"]
[Result "1-0"]
[WhiteTitle "I"]
[BlackTitle "II"]
[WhiteElo "1516"]
[BlackElo "1373"]

1. d4 d5 2. c4 e6 3. cxd5 exd5 4. Nc3 Nf6 5. Bg5 Be7 6. e3 Bf5 7. Bd3 Bxd3 8. Qxd3
O-O 9. Nge2 Nbd7 10. O-O c5 11. Rac1 cxd4 12. Nxd4 Nb6 13. Nf5 h6 14. Nxe7+ Qxe7
15. Bh4 Rfd8 16. b3 g5 17. Bg3 Ne4 18. Nxe4 dxe4 19. Qe2 Rac8 20. h3 Rxc1 21.
Rxc1 Qd7 22. Rf1 Qd2 23. Qh5 Qxa2 24. Qxh6 Rd5 25. Qf6 Nd7 26. Qc3 Rb5 27. Qc8+
Nf8 28. Bd6 Qxb3 29. Qxf8+ Kh7 30. Qe7 Qe6 31. Qxe6 fxe6 32. Ra1 a6 33. Ra4 Rb1+
34. Kh2 Kg6 35. Rxe4 Kf5 36. Ra4 Rb2 37. g4+ Kf6 38. Kg3 Rb6 39. Bc7 Rb5 40. f4
gxf4+ 41. Kxf4 1-0

[Event "Ogolnopolska Olimpiada Mlodziezy w Sportach Umyslowych - D14"]
[Site "Walbrzych, Zamek Ksiaz"]
[Date "2013-04-17"]
[Round "9.18"]
[White "Kalinowska, Karolina"]
[Black "Kruszewska, Justyna"]
[Result "1-0"]
[WhiteTitle "I"]
[BlackTitle "II"]
[WhiteElo "1504"]
[BlackElo "1350"]

1. e4 e5 2. Nf3 Nc6 3. Bc4 Bc5 4. c3 Nf6 5. d3 d6 6. Bb3 a6 7. O-O Ba7 8. Nbd2
O-O 9. h3 h6 10. Re1 Be6 11. Nf1 Re8 12. Ng3 Qd7 13. Bxe6 fxe6 14. d4 exd4 15.
cxd4 e5 16. dxe5 Nxe5 17. Nxe5 Rxe5 18. Qb3+ Kh8 19. Qxb7 Ree8 20. Qb3 d5 21.
e5 Ne4 22. Nxe4 Rxe5 23. Bxh6 dxe4 24. Be3 Rb5 25. Qc2 Bxe3 26. Rxe3 Rab8 27.
b3 Rg5 28. Qxe4 1-0

[Event "Ogolnopolska Olimpiada Mlodziezy w Sportach Umyslowych - D14"]
[Site "Walbrzych, Zamek Ksiaz"]
[Date "2013-04-17"]
[Round "9.19"]
[White "Wierzbowska, Aleksandra"]
[Black "Malinowska, Monika"]
[Result "1-0"]
[WhiteTitle "II+"]
[BlackTitle "II+"]
[WhiteElo "1405"]
[BlackElo "1399"]

1. d4 d5 2. c4 e6 3. Nc3 Nf6 4. Bg5 Be7 5. Nf3 Nbd7 6. e3 O-O 7. Bd3 dxc4 8. Bxc4
c6 9. O-O Nd5 10. Bxe7 Qxe7 11. e4 N5f6 12. Qc2 e5 13. d5 Nb6 14. Qb3 Bd7 15.
a4 Rac8 16. Be2 Bg4 17. dxc6 Rxc6 18. a5 Be6 19. Qc2 Nbd7 20. Bb5 Rcc8 21. Bxd7
Bxd7 22. Qb3 Bc6 23. Rfe1 Rfd8 24. h3 h6 25. Rac1 Nd7 26. Rcd1 Nc5 27. Qa3 Rxd1
28. Rxd1 Re8 29. Nd2 Ne6 30. Qxe7 Rxe7 31. Nc4 Nc5 32. Rd8+ Kh7 33. f3 f6 34.
b4 Ne6 35. Rd1 Nd4 36. Nb2 Rd7 37. Kf2 Kg6 38. Nd3 Kf7 39. Nc5 Rd8 40. b5 b6 41.
axb6 axb6 42. N5a4 Be8 43. Rb1 Rc8 44. h4 h5 45. Ke3 Rb8 46. g3 g6 47. f4 Ke6
48. fxe5 fxe5 49. Kd3 Kd6 50. Rb4 Bf7 51. Ne2 Nxe2 52. Kxe2 Be6 53. Rb1 Ke7 54.
Kd3 Kd6 55. Rb2 Bd7 56. Kc3 Be6 57. Kb4 Bf7 58. Rd2+ Ke7 59. Rd3 Be6 60. Rf3 Bf7
61. Rf1 Be6 62. Rg1 Bg4 63. Re1 Be6 64. Rf1 Bd7 65. Nc3 Ke6 66. Nd5 Kd6 67. Nf6
Rc8 68. Rd1+ Ke7 69. Rxd7+ Kxf6 70. Rd6+ Kf7 71. Rxb6 Rd8 72. Rc6 Rd4+ 73. Rc4
Rd7 74. b6 Ke7 75. Rc7 1-0

[Event "Ogolnopolska Olimpiada Mlodziezy w Sportach Umyslowych - D14"]
[Site "Walbrzych, Zamek Ksiaz"]
[Date "2013-04-17"]
[Round "9.20"]
[White "Socko, Weronika"]
[Black "Popiel, Natalia"]
[Result "1/2-1/2"]
[WhiteTitle "II"]
[BlackTitle "II"]
[WhiteElo "1584"]
[BlackElo "1316"]

1. d4 d5 2. c4 c6 3. Nc3 Nf6 4. Bg5 Nbd7 5. e3 e6 6. Nf3 dxc4 7. Bxc4 b5 8. Bd3
Bb7 9. Ne5 Be7 10. Nxd7 Qxd7 11. O-O h6 12. Bf4 O-O 13. Qe2 a6 14. Rac1 Rfd8 15.
Rfd1 Bd6 16. Bxd6 Qxd6 17. Ne4 Nxe4 18. Bxe4 Rac8 19. Qc2 e5 20. Bf5 Rb8 21. Be4
exd4 22. Rxd4 Qf6 23. Rdd1 Rbc8 24. Rxd8+ Rxd8 25. Rd1 Rxd1+ 26. Qxd1 g6 27. Qd4
Qxd4 28. exd4 Kf8 29. Kf1 Ke7 30. f4 Kd6 31. Ke2 Bc8 32. Kd3 Be6 33. b3 a5 34.
Kc3 Bd5 35. Kd3 f5 36. Bxd5 Kxd5 37. h4 h5 38. g3 c5 39. dxc5 Kxc5 40. Kc3 a4
41. bxa4 bxa4 42. a3 Kd5 43. Kd3 Kc5 44. Kc3 1/2-1/2

[Event "Ogolnopolska Olimpiada Mlodziezy w Sportach Umyslowych - D14"]
[Site "Walbrzych, Zamek Ksiaz"]
[Date "2013-04-17"]
[Round "9.21"]
[White "Robaszkiewicz, Sara"]
[Black "Mazgaj, Zuzanna"]
[Result "1-0"]
[WhiteTitle "II"]
[BlackTitle "II"]
[WhiteElo "1334"]
[BlackElo "1371"]

1. f4 d5 2. Nf3 c5 3. e3 Nf6 4. b3 Bg4 5. h3 Bxf3 6. Qxf3 a6 7. Bb2 e6 8. Be2 Ne4
9. O-O Nd7 10. d3 Nef6 11. Nd2 Be7 12. g4 h6 13. g5 Ng8 14. h4 f6 15. Rf2 hxg5
16. hxg5 e5 17. Qxd5 exf4 18. exf4 b5 19. Bf3 Rb8 20. Re1 Kf8 21. Rh2 Rxh2 22.
Kxh2 Qc7 23. Re4 g6 24. Kg2 f5 25. Be5 Nxe5 26. Rxe5 Bd6 27. Re6 Bxf4 28. Rxg6
Qf7 29. Qxc5+ Ke8 30. Bh5 Qb7+ 31. Rc6+ Kd7 32. Qxf5+ Kd8 33. Qf8+ Kd7 34. Qf7+
Kxc6 35. Bf3+ Kb6 36. Bxb7 Rxb7 37. Qxf4 1-0

[Event "Ogolnopolska Olimpiada Mlodziezy w Sportach Umyslowych - D14"]
[Site "Walbrzych, Zamek Ksiaz"]
[Date "2013-04-17"]
[Round "9.22"]
[White "Rudol, Maria"]
[Black "Koperska, Nina"]
[Result "1-0"]
[WhiteTitle "II"]
[BlackTitle "II"]
[WhiteElo "1488"]
[BlackElo "1388"]

1. b4 d5 2. Bb2 Bf5 3. Nf3 h6 4. e3 e6 5. a3 Nd7 6. c4 dxc4 7. Bxc4 Ngf6 8. d4
Bd6 9. Nbd2 O-O 10. O-O Rb8 11. Qe2 Re8 12. e4 g5 13. exf5 exf5 14. Qd3 Ne4 15.
Qb3 Qf6 16. Rfe1 Nxd2 17. Nxd2 g4 18. Qc2 h5 19. Bd3 Bf4 20. Nc4 Nf8 21. Bxf5
1-0